[Event "Sofia Hemus op 13th"]
[Site "Sofia"]
[Date "2004.10.02"]
[Round "3"]
[White "Atanasov P, Atanas"]
[Black "Iliev, Nikolaj"]
[Result "1/2-1/2"]
[WhiteElo "2130"]
[BlackElo "2065"]
[PlyCount "49"]
[EventDate "2004.10.02"]
[EventType "swiss"]
[EventRounds "6"]
[EventCountry "BUL"]
[SourceTitle "CBM 102 Extra"]
[Source "ChessBase"]
[SourceDate "2004.11.03"]
[SourceVersion "1"]
[SourceVersionDate "2004.11.03"]
[SourceQuality "1"]

1. e4 e6 2. d4 d5 3. Nd2 Nf6 4. e5 Nfd7 5. Bd3 c5 6. c3 Nc6 7. Ne2 cxd4 8. cxd4 f6 9. exf6 Nxf6 10. Nf3 Qc7 11. Bf4 Bb4+ 12. Bd2 Bd6 13. Rc1 0-0 14. 0-0 Qb6 15. Qc2 Bd7 16. a3 Rac8 17. Qb1 h6 18. Bc3 Ng4 19. h3 Rxf3 20. hxg4 Rf6 21. b4 Ne7 22. Bd2 Rxc1 23. Qxc1 Bb5 24. Qc2 Qa6 25. Be3 1/2-1/2